Soccer Players Never To Qualify For FIFA World Cup - Sudden Death - Statistics

General Stats
  • This quiz has been taken 439 times
    73 since last reset
  • The average score is 3 of 13
Answers on the Grid
Answers color-coded by a green-red scale on the quiz's grid according to % correct below.
Alexis Sánchez
Alfredo Di Stefano
Andy Cole
David Alaba
Denis Law
Dennis Bergkamp
Dimitar Berbatov
Edin Džeko
Eric Cantona
Esteban Cambiasso
Ferenc Puskás
Gareth Bale
George Best
George Weah
Ian Rush
Jamie Vardy
Jari Litmanen
Javier Zanetti
Johan Cruyff
Karim Benzema
Laszlo Kubala
Marco Reus
Mohamed Salah
Nemanja Vidić
Paul Scholes
Pep Guardiola
Pierre Aubameyang
Riyad Mahrez
Ryan Giggs
Samuel Eto'o
Valentino Mazzola
Zlatan Ibrahimović
 
Answer Stats
Answer % Correct
Dimitar Berbatov
46%
George Weah
44%
David Alaba
40%
Pierre Aubameyang
34%
George Best
28%
Ryan Giggs
28%
Jari Litmanen
26%
Ian Rush
24%
Alfredo Di Stefano
18%
Andy Cole
18%
Laszlo Kubala
14%
Valentino Mazzola
14%
Eric Cantona
12%
No matching quizzes found
Score Distribution
Percent of People with Each Score
Percentile by Number Answered
Your Score History
You have not taken this quiz since the last reset